[Event "2. Bundesliga West 2009/20010"]
[Site "Salzburg"]
[Date "2010.03.12"]
[Round "9"]
[Board "1"]
[White "Dizdar, Goran"]
[Black "Juergens, Klaus"]
[Result "1-0"]
[WhiteElo "2563"]
[BlackElo "2162"]
[PlyCount "89"]
[EventDate "2009.10.23"]
[EventType "team"]
[EventRounds "11"]
[EventCountry "AUT"]
[WhiteTeam "SC Absam"]
[BlackTeam "ASK Salzburg"]

1.d4 Nf6 2.Nf3 g6 3.c4 c5 4.Nc3 cxd4 5.Nxd4 Bg7 6.g3 O-O 7.Bg2 Nc6 8.O-O Nxd4
9.Qxd4 d6 10.Bg5 Be6 11.Qh4 Qa5 12.Rac1 Rac8 13.b3 Rc5 14.Bd2 Rh5 15.Qf4 Bh6
16.Qd4 Bxd2 17.Qxd2 Bh3 18.Bxh3 Rxh3 19.f3 Rc8 20.e4 Rh5 21.Rf2 b5 22.g4 Rhc5
23.Rb1 Qb4 24.Nxb5 Rxc4 25.bxc4 Qxb1+ 26.Rf1 Nxe4 27.fxe4 Qxe4 28.Rf4 Qb1+
29.Rf1 Qe4 30.Rf4 Qb1+ 31.Kg2 e5 32.Nc3 Qb7+ 33.Qd5 Qxd5+ 34.Nxd5 Kg7 35.Re4 Rc5
36.g5 h6 37.h4 hxg5 38.hxg5 Ra5 39.Re2 Ra3 40.Rb2 e4 41.Nf6 Rf3 42.Rb8 Rxf6
43.gxf6+ Kxf6 44.Re8 Kf5 45.Kg3

[Event "2. Bundesliga West 2009/20010"]
[Site "Salzburg"]
[Date "2010.03.12"]
[Round "9"]
[Board "2"]
[White "Loeffler, Christoph"]
[Black "Schmittdiel, Eckhard"]
[Result "0-1"]
[WhiteElo "2163"]
[BlackElo "2471"]
[PlyCount "58"]
[EventDate "2009.10.23"]
[EventType "team"]
[EventRounds "11"]
[EventCountry "AUT"]
[WhiteTeam "ASK Salzburg"]
[BlackTeam "SC Absam"]

1.e4 c5 2.Nc3 e6 3.f4 d5 4.e5 Nc6 5.Nf3 Nge7 6.d3 b5 7.g3 b4 8.Ne2 Nf5 9.Bh3 d4
10.Kf2 Bb7 11.Re1 Be7 12.g4 Nh4 13.Ng3 O-O 14.g5 Nxf3 15.Qxf3 Qb6 16.Qh5 Kh8
17.Ne4 Rg8 18.b3 Nd8 19.Bd2 a5 20.Rg1 Bxe4 21.dxe4 a4 22.g6 fxg6 23.Rxg6 axb3
24.cxb3 Qc6 25.Bf5 Qe8 26.Rag1 exf5 27.Rxg7 Bh4+ 28.Qxh4 Rxg7 29.Qf6 Qf7

[Event "2. Bundesliga West 2009/20010"]
[Site "Salzburg"]
[Date "2010.03.12"]
[Round "9"]
[Board "3"]
[White "Wegerle, Joerg"]
[Black "Besner, Bernhard"]
[Result "1-0"]
[WhiteElo "2430"]
[BlackElo "2150"]
[PlyCount "71"]
[EventDate "2009.10.23"]
[EventType "team"]
[EventRounds "11"]
[EventCountry "AUT"]
[WhiteTeam "SC Absam"]
[BlackTeam "ASK Salzburg"]

1.c4 e6 2.Nf3 d5 3.g3 dxc4 4.Qa4+ Nd7 5.Bg2 Ngf6 6.O-O a6 7.Nc3 Be7 8.Qxc4 b5
9.Qb3 Bb7 10.d3 O-O 11.a4 b4 12.Nb1 a5 13.Nbd2 Nb6 14.Qc2 c5 15.b3 Qd5 16.Bb2
Rac8 17.Rac1 Qh5 18.h3 Rfd8 19.Rfd1 Nfd7 20.e4 Ba6 21.Nf1 f6 22.Ne3 Nb8 23.e5
Nc6 24.exf6 gxf6 25.Nc4 Nxc4 26.dxc4 Bb7 27.Qe4 Kf7 28.Qf4 e5 29.Bxe5 Rxd1+
30.Rxd1 Nxe5 31.Nxe5+ Qxe5 32.Qxe5 fxe5 33.Bxb7 Rd8 34.Bd5+ Kf6 35.Rd3 Rf8
36.Be4

[Event "2. Bundesliga West 2009/20010"]
[Site "Salzburg"]
[Date "2010.03.12"]
[Round "9"]
[Board "4"]
[White "Scheiblmaier, Robert"]
[Black "Duer, Werner"]
[Result "1/2-1/2"]
[WhiteElo "2095"]
[BlackElo "2250"]
[PlyCount "39"]
[EventDate "2009.10.23"]
[EventType "team"]
[EventRounds "11"]
[EventCountry "AUT"]
[WhiteTeam "ASK Salzburg"]
[BlackTeam "SC Absam"]

1.d4 Nf6 2.c4 e6 3.g3 Bb4+ 4.Nd2 c5 5.a3 Bxd2+ 6.Qxd2 cxd4 7.Nf3 Nc6 8.Nxd4 Ne4
9.Qe3 Qa5+ 10.b4 Nxb4 11.axb4 Qxa1 12.Nb5 O-O 13.Bg2 f5 14.O-O d5 15.cxd5 Bd7
16.Nc7 Rac8 17.Nxe6 Bxe6 18.dxe6 Rfe8 19.g4 Qf6 20.gxf5

[Event "2. Bundesliga West 2009/20010"]
[Site "Salzburg"]
[Date "2010.03.12"]
[Round "9"]
[Board "6"]
[White "Usleber, Helmut"]
[Black "Natter, Siegfried"]
[Result "1-0"]
[WhiteElo "2000"]
[BlackElo "2262"]
[PlyCount "117"]
[EventDate "2009.10.23"]
[EventType "team"]
[EventRounds "11"]
[EventCountry "AUT"]
[WhiteTeam "ASK Salzburg"]
[BlackTeam "SC Absam"]

1.e4 c5 2.d4 cxd4 3.c3 Nf6 4.e5 Ng8 5.cxd4 d6 6.exd6 e6 7.Nc3 Bxd6 8.Nf3 Nf6
9.Bd3 Nc6 10.a3 O-O 11.Bg5 e5 12.Bxf6 gxf6 13.Nh4 f5 14.Nxf5 Bxf5 15.Bxf5 Qg5
16.Qd3 exd4 17.Bxh7+ Kg7 18.Ne4 Rae8 19.O-O Bxh2+ 20.Kxh2 Qh5+ 21.Qh3 Re5 22.f4
Rb5 23.Ng5 Qxh3+ 24.Kxh3 Rh8 25.Kg4 f6 26.Bd3 Rxb2 27.Ne6+ Kf7 28.Bc4 Rxg2+
29.Kf3 Rc2 30.Nd8+ Kf8 31.Nxc6 Rxc4 32.Nb4 Rh3+ 33.Kg4 Rcc3 34.Nd5 Rhg3+ 35.Kf5
Rc5 36.Ke4 d3 37.Nxf6 Rc4+ 38.Kd5 Rc2 39.Ne4 Rh3 40.Ng5 Rhh2 41.f5 Rh5 42.Rg1 d2
43.Ke5 Rc5+ 44.Kf4 Rd5 45.Rad1 Rh4+ 46.Ke3 Ra4 47.f6 Rxa3+ 48.Ke2 Raa5 49.Nh7+
Kf7 50.Rg7+ Ke6 51.f7 Re5+ 52.Kf3 Rf5+ 53.Kg2 Rxf7 54.Ng5+ Rxg5+ 55.Rxg5 Rd7
56.Kf2 b6 57.Ke2 a5 58.Rxd2 Ra7 59.Rb5

[Event "2. Bundesliga West 2009/20010"]
[Site "Salzburg"]
[Date "2010.03.12"]
[Round "9"]
[Board "1"]
[White "Webersberger, Johann"]
[Black "Sergeev, Vladimir"]
[Result "0-1"]
[WhiteElo "2367"]
[BlackElo "2447"]
[PlyCount "84"]
[EventDate "2009.10.23"]
[EventType "team"]
[EventRounds "11"]
[EventCountry "AUT"]
[WhiteTeam "ATSV Ranshofen"]
[BlackTeam "Dornbirn"]

1.d4 Nf6 2.Nf3 c5 3.c4 cxd4 4.Nxd4 b6 5.Nc3 Bb7 6.f3 d6 7.e4 e6 8.Be3 Be7 9.Be2
O-O 10.O-O a6 11.Qd2 Qc7 12.Rfc1 Rc8 13.a4 Qd8 14.Bf1 Nfd7 15.Qf2 Bh4 16.Qd2 Ne5
17.b3 Be7 18.Qf2 Nbd7 19.Qg3 Rab8 20.Rd1 Kh8 21.f4 Nc6 22.Nf3 Nb4 23.Bd4 Qf8
24.Rab1 Nc5 25.e5 Rd8 26.Ng5 h6 27.Qh3 Kg8 28.Bxc5 bxc5 29.Nge4 dxe5 30.fxe5 Nc6
31.Qg3 Nd4 32.Qe3 Ba8 33.Ne2 Rxb3 34.Rxb3 Nxb3 35.Nd6 Na5 36.Qxc5 Nb7 37.Qb6
Nxd6 38.exd6 Bxd6 39.Kh1 Bc7 40.Rxd8 Bxb6 41.Rxf8+ Kxf8 42.Nc1 Bc6

[Event "2. Bundesliga West 2009/20010"]
[Site "Salzburg"]
[Date "2010.03.12"]
[Round "9"]
[Board "2"]
[White "Klocker, Benedikt"]
[Black "Menacher, Manfred"]
[Result "0-1"]
[WhiteElo "2143"]
[BlackElo "2274"]
[PlyCount "90"]
[EventDate "2009.10.23"]
[EventType "team"]
[EventRounds "11"]
[EventCountry "AUT"]
[WhiteTeam "Dornbirn"]
[BlackTeam "ATSV Ranshofen"]

1.e4 c5 2.Nf3 e6 3.d4 cxd4 4.Nxd4 a6 5.Nc3 Qc7 6.Be2 b5 7.f4 Bb7 8.Bf3 Nf6 9.Qd3
d6 10.Be3 Nbd7 11.Nb3 b4 12.Ne2 Nc5 13.Nxc5 dxc5 14.c3 c4 15.Qc2 Be7 16.O-O O-O
17.cxb4 Bxb4 18.Rac1 Rac8 19.Rfd1 Bc5 20.Bxc5 Qxc5+ 21.Kh1 h5 22.h3 h4 23.Rd4
Qa5 24.a3 e5 25.Rxc4 Rxc4 26.Qxc4 Rc8 27.Qb4 Rxc1+ 28.Nxc1 Qxb4 29.axb4 exf4
30.e5 Bxf3 31.exf6 Bc6 32.fxg7 Kxg7 33.Nd3 f3 34.gxf3 Bxf3+ 35.Kg1 Bb7 36.Nc5
Bc8 37.Kg2 Kf6 38.Ne4+ Ke5 39.Ng5 Bb7+ 40.Kf2 Bd5 41.Nf3+ Bxf3 42.Kxf3 f5 43.Ke3
f4+ 44.Kf3 Kf5 45.b3 Ke5

[Event "2. Bundesliga West 2009/20010"]
[Site "Salzburg"]
[Date "2010.03.12"]
[Round "9"]
[Board "3"]
[White "Dovzik, Juri"]
[Black "Novkovic, Julia"]
[Result "1-0"]
[WhiteElo "2365"]
[BlackElo "2116"]
[PlyCount "77"]
[EventDate "2009.10.23"]
[EventType "team"]
[EventRounds "11"]
[EventCountry "AUT"]
[WhiteTeam "ATSV Ranshofen"]
[BlackTeam "Dornbirn"]

1.d4 Nf6 2.Nf3 g6 3.c4 Bg7 4.g3 O-O 5.Bg2 c5 6.Nc3 cxd4 7.Nxd4 Nc6 8.O-O Nxd4
9.Qxd4 d6 10.Qd2 Rb8 11.b3 Bd7 12.Bb2 Bc6 13.e4 Qa5 14.Rad1 Rfc8 15.Rfe1 b5
16.e5 dxe5 17.Bxc6 Rxc6 18.Nxb5 Qxa2 19.Bxe5 Qxd2 20.Rxd2 Ra8 21.Red1 a6 22.Rd8+
Rxd8 23.Rxd8+ Bf8 24.Nc3 Ng4 25.Bd4 e5 26.Nd5 Kg7 27.Bc3 Bc5 28.Kg2 f6 29.Rd7+
Kg8 30.b4 Bf8 31.h3 Nh6 32.b5 axb5 33.cxb5 Rd6 34.b6 Rxd7 35.Nxf6+ Kf7 36.Nxd7
Bd6 37.b7 Ke6 38.Bxe5 Bxe5 39.Nxe5

[Event "2. Bundesliga West 2009/20010"]
[Site "Salzburg"]
[Date "2010.03.12"]
[Round "9"]
[Board "4"]
[White "Karrer, Damian"]
[Black "Ager, Josef"]
[Result "0-1"]
[WhiteElo "2159"]
[BlackElo "2214"]
[PlyCount "104"]
[EventDate "2009.10.23"]
[EventType "team"]
[EventRounds "11"]
[EventCountry "AUT"]
[WhiteTeam "Dornbirn"]
[BlackTeam "ATSV Ranshofen"]

1.e4 e5 2.Nf3 Nc6 3.Bc4 Nf6 4.Ng5 d5 5.exd5 Na5 6.Bb5+ c6 7.dxc6 bxc6 8.Be2 h6
9.Nh3 Bd6 10.d3 O-O 11.O-O Nd5 12.Kh1 Bxh3 13.gxh3 Qh4 14.Rg1 Qxh3 15.Rg3 Qh4
16.Qg1 Qf6 17.Nd2 Kh8 18.Ne4 Qe6 19.Nxd6 Qxd6 20.Bd2 Nf4 21.Bf3 Nb7 22.Rxg7 Rg8
23.Rxg8+ Rxg8 24.Qf1 Nd8 25.Bxf4 exf4 26.Qh3 Rg6 27.Be4 Rg5 28.Rg1 Kg7 29.Qf3
Ne6 30.h4 Rxg1+ 31.Kxg1 Qb4 32.Bxc6 Qxb2 33.Qg4+ Kf6 34.Ba4 Qc1+ 35.Kg2 Nd4
36.c3 f3+ 37.Kh2 Qxc3 38.Qf4+ Kg7 39.Qe5+ Kf8 40.Qb8+ Kg7 41.Qe5+ Kf8 42.Qh8+
Ke7 43.Qxh6 Qxd3 44.Qg5+ Kf8 45.h5 Ne6 46.Qg4 Qd6+ 47.Kh3 Nf4+ 48.Kh4 Ng2+
49.Kh3 Nf4+ 50.Kh4 Ng2+ 51.Kg5 Qe5+ 52.Qf5 Qg7+

[Event "2. Bundesliga West 2009/20010"]
[Site "Salzburg"]
[Date "2010.03.12"]
[Round "9"]
[Board "5"]
[White "Enoeckl, Philipp"]
[Black "Kanonier, Clemens"]
[Result "1-0"]
[WhiteElo "2216"]
[BlackElo "2100"]
[PlyCount "113"]
[EventDate "2009.10.23"]
[EventType "team"]
[EventRounds "11"]
[EventCountry "AUT"]
[WhiteTeam "ATSV Ranshofen"]
[BlackTeam "Dornbirn"]

1.d4 d5 2.c4 e6 3.Nc3 c6 4.e4 dxe4 5.Nxe4 Bb4+ 6.Bd2 Qxd4 7.Bxb4 Qxe4+ 8.Be2 c5
9.Bxc5 Qxg2 10.Qd4 Nd7 11.O-O-O Qg5+ 12.f4 Qf6 13.Bb4 Qxd4 14.Rxd4 Ne7 15.Rd2 a5
16.Ba3 Nc6 17.Bd6 Nf6 18.Bf3 Bd7 19.Ne2 Rc8 20.Rg1 Ne7 21.b3 Bc6 22.Bxe7 Bxf3
23.Ba3 Ne4 24.Rc2 Nc5 25.Nd4 Be4 26.Re2 Bg6 27.f5 Bh5 28.Re3 O-O 29.Rh3 Rfd8
30.Rxh5 Rxd4 31.f6 Nd3+ 32.Kc2 g6 33.Rxa5 Rcd8 34.Be7 Rc8 35.Rd1 Rh4 36.Rxd3
Rxh2+ 37.Rd2 Rxd2+ 38.Kxd2 h5 39.Rc5 Ra8 40.a4 Kh7 41.Ke3 Kh6 42.Kf4 Rg8 43.Rg5
e5+ 44.Rxe5 g5+ 45.Kf3 Rc8 46.Rc5 Ra8 47.a5 Ra6 48.Rb5 Re6 49.Rxb7 g4+ 50.Kf4
Re1 51.a6 Rf1+ 52.Kg3 Rg1+ 53.Kf2 Ra1 54.a7 h4 55.Bc5 Ra2+ 56.Ke3 g3 57.Rb8

[Event "2. Bundesliga West 2009/20010"]
[Site "Salzburg"]
[Date "2010.03.12"]
[Round "9"]
[Board "6"]
[White "Natter, Markus"]
[Black "Sadilek, Peter"]
[Result "1-0"]
[WhiteElo "2185"]
[BlackElo "2198"]
[PlyCount "60"]
[EventDate "2009.10.23"]
[EventType "team"]
[EventRounds "11"]
[EventCountry "AUT"]
[WhiteTeam "Dornbirn"]
[BlackTeam "ATSV Ranshofen"]

1.e4 g6 2.d4 Bg7 3.Nc3 d6 4.Be3 a6 5.a4 b6 6.g3 Bb7 7.Bg2 Nf6 8.h3 Nbd7 9.Nge2
c5 10.g4 O-O 11.O-O Rb8 12.Qd2 cxd4 13.Bxd4 e5 14.Be3 Nc5 15.Ng3 Qc7 16.Rfd1
Rfd8 17.f4 exf4 18.Bxf4 Ne8 19.Bh6 d5 20.Bxg7 Nxg7 21.Qf2 dxe4 22.Ngxe4 Nxe4
23.Nxe4 Bxe4 24.Bxe4 Qe5 25.Bd3 Ne6 26.Re1 Qxb2 27.Bxa6 Qc3 28.Bd3 Rd4 29.Qg3
Nf4 30.Rf1 Ra8

[Event "2. Bundesliga West 2009/20010"]
[Site "Salzburg"]
[Date "2010.03.12"]
[Round "9"]
[Board "1"]
[White "Krstic, Uros"]
[Black "Gaertner, Guntram"]
[Result "1/2-1/2"]
[WhiteElo "2377"]
[BlackElo "2325"]
[PlyCount "63"]
[EventDate "2009.10.23"]
[EventType "team"]
[EventRounds "11"]
[EventCountry "AUT"]
[WhiteTeam "Sparkasse Schwarzach"]
[BlackTeam "Hohenems II"]

1.e4 e6 2.d4 d5 3.Nd2 Be7 4.Ngf3 Nf6 5.e5 Nfd7 6.Bd3 c5 7.c3 b6 8.O-O Ba6 9.Bxa6
Nxa6 10.Qe2 Nc7 11.c4 O-O 12.Rd1 Qc8 13.cxd5 Nxd5 14.Ne4 cxd4 15.Rxd4 Nc5
16.Nxc5 Qxc5 17.Rc4 Qb5 18.a4 Qa6 19.Bg5 Rac8 20.Rac1 Rxc4 21.Qxc4 Qxc4 22.Rxc4
Bc5 23.Kf1 h6 24.Bd2 Be7 25.Ke2 a6 26.Ne1 b5 27.Rc6 Ra8 28.b3 Kf8 29.Nd3 Ke8
30.g3 Kd7 31.Rc2 Rc8 32.Rxc8

[Event "2. Bundesliga West 2009/20010"]
[Site "Salzburg"]
[Date "2010.03.12"]
[Round "9"]
[Board "2"]
[White "Amann, Guenter"]
[Black "Danner, Georg"]
[Result "1/2-1/2"]
[WhiteElo "2293"]
[BlackElo "2450"]
[PlyCount "149"]
[EventDate "2009.10.23"]
[EventType "team"]
[EventRounds "11"]
[EventCountry "AUT"]
[WhiteTeam "Hohenems II"]
[BlackTeam "Sparkasse Schwarzach"]

1.e4 c5 2.Nf3 d6 3.d4 cxd4 4.Nxd4 Nf6 5.Nc3 Nc6 6.Bg5 e6 7.Qd2 Be7 8.O-O-O Nxd4
9.Qxd4 O-O 10.f4 h6 11.Bh4 Qa5 12.e5 dxe5 13.Qxe5 Qxe5 14.fxe5 Nd5 15.Bxe7 Nxe7
16.Bd3 b6 17.Be4 Rb8 18.Rhe1 Bb7 19.Rd7 Bxe4 20.Rxe4 Nc6 21.Nb5 a5 22.a3 g5
23.Re3 Rfd8 24.Rd6 Rbc8 25.Red3 Rf8 26.Rc3 Nxe5 27.Rxb6 Ng4 28.h3 Rxc3 29.Nxc3
Ne3 30.g4 Ra8 31.b3 Kg7 32.Kd2 Ng2 33.Ne4 Nf4 34.Nf2 f5 35.c4 h5 36.Ke3 fxg4
37.hxg4 h4 38.Kf3 Rf8 39.Rb7+ Kg6 40.Ne4 Nd3+ 41.Ke2 Nf4+ 42.Kf3 Nd5+ 43.Ke2 Rf4
44.Nf2 Nc3+ 45.Ke3 a4 46.Nd3 Re4+ 47.Kf3 h3 48.bxa4 h2 49.Kg2 Re3 50.Nc5 Rh3
51.Kh1 Nd1 52.Ne4 Re3 53.Rb1 Rxe4 54.Rxd1 Rxc4 55.Kxh2 Rxg4 56.Rd6 Kf5 57.Ra6 e5
58.Ra8 Rc4 59.a5 Ra4 60.a6 Rxa3 61.Kg2 Kg4 62.a7 Ra2+ 63.Kf1 e4 64.Re8 Rxa7
65.Rxe4+ Kf3 66.Re1 Ra2 67.Kg1 g4 68.Rb1 Ra3 69.Rc1 Kg3 70.Rb1 Kh3 71.Rc1 Ra2
72.Rb1 g3 73.Rc1 Rg2+ 74.Kh1 Ra2 75.Kg1

[Event "2. Bundesliga West 2009/20010"]
[Site "Salzburg"]
[Date "2010.03.12"]
[Round "9"]
[Board "3"]
[White "Hecht, Hans-Joachim"]
[Black "Burschowsky, Matthias"]
[Result "1-0"]
[WhiteElo "2381"]
[BlackElo "2214"]
[PlyCount "43"]
[EventDate "2009.10.23"]
[EventType "team"]
[EventRounds "11"]
[EventCountry "AUT"]
[WhiteTeam "Sparkasse Schwarzach"]
[BlackTeam "Hohenems II"]

1.d4 Nf6 2.c4 e6 3.Nc3 Bb4 4.e3 O-O 5.Bd3 d6 6.Nge2 e5 7.O-O c6 8.a3 Bxc3 9.Nxc3
a5 10.Bc2 Qe7 11.e4 Be6 12.b3 Na6 13.Bg5 h6 14.Bh4 Rad8 15.d5 Bc8 16.Qd2 Rfe8
17.f4 Nc5 18.fxe5 Nfxe4 19.Nxe4 Qxh4 20.Nxd6 Re7 21.b4 Na6 22.Qd3

[Event "2. Bundesliga West 2009/20010"]
[Site "Salzburg"]
[Date "2010.03.12"]
[Round "9"]
[Board "4"]
[White "Sandholzer, Robert"]
[Black "Hrvacic, Pavle"]
[Result "1/2-1/2"]
[WhiteElo "2104"]
[BlackElo "2304"]
[PlyCount "62"]
[EventDate "2009.10.23"]
[EventType "team"]
[EventRounds "11"]
[EventCountry "AUT"]
[WhiteTeam "Hohenems II"]
[BlackTeam "Sparkasse Schwarzach"]

1.e4 e5 2.Nf3 Nc6 3.d4 exd4 4.Nxd4 Qf6 5.Be3 Bc5 6.c3 Qg6 7.Nd2 Nge7 8.g3 Bxd4
9.cxd4 d5 10.Bg2 dxe4 11.Nxe4 Bf5 12.Nc5 O-O 13.O-O b6 14.Nb3 Rad8 15.Qc1 Be4
16.Bxe4 Qxe4 17.Qb1 Qd5 18.Qc2 a5 19.Rad1 Rd7 20.a3 Rfd8 21.Nc1 Nf5 22.Ne2 Qf3
23.Rd3 Nce7 24.Nf4 Qb7 25.Rc3 Nd6 26.Rc1 Nb5 27.Rc4 Nxd4 28.Bxd4 Rxd4 29.Rxc7
Rd1+ 30.Rxd1 Rxd1+ 31.Qxd1 Qxc7

[Event "2. Bundesliga West 2009/20010"]
[Site "Salzburg"]
[Date "2010.03.12"]
[Round "9"]
[Board "5"]
[White "Ljubic, Juro"]
[Black "Levy, Pascal"]
[Result "1-0"]
[WhiteElo "2237"]
[BlackElo "2071"]
[PlyCount "59"]
[EventDate "2009.10.23"]
[EventType "team"]
[EventRounds "11"]
[EventCountry "AUT"]
[WhiteTeam "Sparkasse Schwarzach"]
[BlackTeam "Hohenems II"]

1.e4 g6 2.d4 Bg7 3.Nc3 d6 4.Bg5 c6 5.Qd2 Nd7 6.Nf3 Qc7 7.Bc4 b5 8.Bb3 Rb8 9.O-O
Ngf6 10.Rfe1 e5 11.Rad1 O-O 12.h3 a6 13.a3 Re8 14.dxe5 dxe5 15.Be3 b4 16.axb4
Rxb4 17.Ng5 Rf8 18.Nd5 Nxd5 19.exd5 c5 20.d6 Qb6 21.Bxf7+ Kh8 22.Be6 Rf6 23.Nf7+
Kg8 24.Bxd7 Bxd7 25.Nxe5 Qb7 26.Nxd7 Qxd7 27.Bxc5 Rb8 28.Re7 Qc6 29.Rc7 Qa8
30.d7

[Event "2. Bundesliga West 2009/20010"]
[Site "Salzburg"]
[Date "2010.03.13"]
[Round "10"]
[Board "1"]
[White "Blaskowski, Johannes"]
[Black "Krstic, Uros"]
[Result "0-1"]
[WhiteElo "2332"]
[BlackElo "2377"]
[PlyCount "61"]
[EventDate "2009.10.23"]
[EventType "team"]
[EventRounds "11"]
[EventCountry "AUT"]
[WhiteTeam "Hypo Kufstein"]
[BlackTeam "Sparkasse Schwarzach"]

1.e4 e5 2.Nf3 d6 3.d4 exd4 4.Nxd4 Nf6 5.Nc3 Be7 6.Be2 O-O 7.O-O Re8 8.Re1 Bf8
9.Bf3 Nbd7 10.g3 Ne5 11.Bg2 Bg4 12.f3 Bd7 13.g4 c6 14.Rb1 d5 15.exd5 Bc5 16.Be3
cxd5 17.Bf2 h6 18.h3 Qb6 19.b4 Nxf3+ 20.Bxf3 Rxe1+ 21.Qxe1 Bxd4 22.Nxd5 Nxd5
23.Bxd5 Be6 24.Bxe6 fxe6 25.c3 Bxf2+ 26.Qxf2 Qc6 27.Qe3 Rf8 28.Re1 Rf3 29.Qxe6+
Qxe6 30.Rxe6 Rxh3 31.Re7

[Event "2. Bundesliga West 2009/20010"]
[Site "Salzburg"]
[Date "2010.03.13"]
[Round "10"]
[Board "2"]
[White "Danner, Georg"]
[Black "Neuschmied, Siegfried"]
[Result "1/2-1/2"]
[WhiteElo "2450"]
[BlackElo "2282"]
[PlyCount "227"]
[EventDate "2009.10.23"]
[EventType "team"]
[EventRounds "11"]
[EventCountry "AUT"]
[WhiteTeam "Sparkasse Schwarzach"]
[BlackTeam "Hypo Kufstein"]

1.d4 d5 2.c4 c6 3.e3 Nf6 4.Nf3 Bf5 5.Nc3 e6 6.Nh4 Be4 7.f3 Bg6 8.Qb3 Qc7 9.Bd2
a6 10.Rc1 dxc4 11.Bxc4 Nbd7 12.O-O Be7 13.g3 b5 14.Be2 c5 15.Nxg6 hxg6 16.Rfd1
Qa7 17.Be1 c4 18.Qc2 e5 19.Bf2 exd4 20.exd4 Rc8 21.Re1 O-O 22.Bf1 Bd6 23.Re2
Rfd8 24.Bh3 Qb7 25.Ne4 Bf8 26.Ng5 Re8 27.Rce1 Qd5 28.f4 Bb4 29.Bg2 Rxe2 30.Rxe2
Qd6 31.Bh3 Re8 32.Rxe8+ Nxe8 33.Qe4 Nc7 34.Qb7 Nf8 35.Ne4 Qd8 36.a3 Be7 37.Qc8
f5 38.Qxd8 Bxd8 39.Nc3 Bf6 40.Bg2 Kf7 41.Kf1 Ke6 42.Ke2 Kd6 43.Kd2 Nfe6 44.Ne2
Nd5 45.Kc2 Bd8 46.b3 cxb3+ 47.Kxb3 Ba5 48.Kc2 Nec7 49.Kd3 Nb6 50.Be3 Ncd5 51.Bc1
Be1 52.Ng1 a5 53.Nf3 Bc3 54.Ne5 b4 55.axb4 axb4 56.Bf3 Ne7 57.Bd1 Nc6 58.Be3 Ne7
59.Bb3 Nbd5 60.Nc4+ Kd7 61.Bf2 Nf6 62.Ne5+ Kd6 63.Bf7 Ne4 64.Be3 Nd5 65.Nc4+ Kc6
66.Bc1 Nf2+ 67.Ke2 Bxd4 68.Ne5+ Kc5 69.Bxg6 Ne7 70.Bf7 Nd5 71.Be6 Ne7 72.Nf3 Ne4
73.Kd3 Nf2+ 74.Kc2 Ne4 75.Kb3 Bc3 76.Be3+ Kd6 77.Bf7 Nd5 78.Ba7 Nd2+ 79.Nxd2
Bxd2 80.Kc4 Nf6 81.Bc5+ Kd7 82.Bf8 g5 83.fxg5 Bxg5 84.Bxb4 f4 85.Kd4 fxg3
86.hxg3 Ne8 87.Ke5 Bf6+ 88.Kf5 Bb2 89.Be6+ Kd8 90.Kg6 Be5 91.g4 Nd6 92.Kh7 Bf4
93.Kg7 Kc7 94.Ba5+ Kc6 95.Kf6 Ne8+ 96.Ke7 Nc7 97.Bb3 Nd5+ 98.Ke6 Ne3 99.Bd2 Kc5
100.Ba4 Bh6 101.Ba5 Nxg4 102.Bd1 Ne3 103.Bf3 Nc4 104.Bd8 Bf4 105.Be7+ Kd4
106.Bh4 Ne5 107.Bb7 Nc4 108.Bf6+ Be5 109.Bg5 Bg3 110.Bd5 Ne5 111.Bf6 Bh2 112.Bb7
Kc5 113.Bxe5 Bxe5 114.Kxe5

[Event "2. Bundesliga West 2009/20010"]
[Site "Salzburg"]
[Date "2010.03.13"]
[Round "10"]
[Board "3"]
[White "Maurer, Jochen"]
[Black "Hecht, Hans-Joachim"]
[Result "1/2-1/2"]
[WhiteElo "2212"]
[BlackElo "2381"]
[PlyCount "62"]
[EventDate "2009.10.23"]
[EventType "team"]
[EventRounds "11"]
[EventCountry "AUT"]
[WhiteTeam "Hypo Kufstein"]
[BlackTeam "Sparkasse Schwarzach"]

1.e4 e6 2.d4 d5 3.Nd2 Nf6 4.e5 Nfd7 5.Bd3 c5 6.c3 Nc6 7.Ndf3 cxd4 8.cxd4 Nb6
9.Ne2 Bd7 10.O-O Be7 11.Re1 Rc8 12.a3 a5 13.Nf4 a4 14.Nh5 g6 15.Nf6+ Bxf6
16.exf6 Qxf6 17.Bh6 Na5 18.Bg5 Qg7 19.Qd2 Nbc4 20.Bxc4 Nxc4 21.Qb4 f6 22.Qxb7
O-O 23.Bh6 Qxh6 24.Qxd7 Qg7 25.Qxe6+ Qf7 26.Qa6 Ra8 27.Qb5 Rfb8 28.Qc5 Rc8
29.Qb5 Rcb8 30.Qc5 Ra7 31.Re6 Raa8

[Event "2. Bundesliga West 2009/20010"]
[Site "Salzburg"]
[Date "2010.03.13"]
[Round "10"]
[Board "4"]
[White "Hrvacic, Pavle"]
[Black "Rusche, Johannes"]
[Result "0-1"]
[WhiteElo "2304"]
[BlackElo "2170"]
[PlyCount "30"]
[EventDate "2009.10.23"]
[EventType "team"]
[EventRounds "11"]
[EventCountry "AUT"]
[WhiteTeam "Sparkasse Schwarzach"]
[BlackTeam "Hypo Kufstein"]

1.e4 c5 2.c3 e6 3.d4 Nf6 4.e5 Nd5 5.Nf3 cxd4 6.cxd4 Nc6 7.Nc3 Nxc3 8.bxc3 d6
9.exd6 Bxd6 10.Bd3 Qa5 11.Bd2 Qh5 12.Rb1 a6 13.c4 O-O 14.g4 Qh3 15.Ng5 Qxd3

[Event "2. Bundesliga West 2009/20010"]
[Site "Salzburg"]
[Date "2010.03.13"]
[Round "10"]
[Board "5"]
[White "Englert, Jan"]
[Black "Ljubic, Juro"]
[Result "1/2-1/2"]
[WhiteElo "2146"]
[BlackElo "2237"]
[PlyCount "45"]
[EventDate "2009.10.23"]
[EventType "team"]
[EventRounds "11"]
[EventCountry "AUT"]
[WhiteTeam "Hypo Kufstein"]
[BlackTeam "Sparkasse Schwarzach"]

1.d4 Nf6 2.Nc3 d5 3.Bg5 Bf5 4.e3 e6 5.Bd3 Bxd3 6.cxd3 Be7 7.Nf3 O-O 8.O-O Nbd7
9.Qe2 h6 10.Bh4 c5 11.dxc5 Nxc5 12.d4 Nce4 13.Nxe4 Nxe4 14.Bxe7 Qxe7 15.Ne5 Rfc8
16.Rfc1 Rc7 17.Rc2 Rac8 18.Rac1 a6 19.Nd3 Rc4 20.Ne5 R4c7 21.Nd3 Rc4 22.Ne5 R4c7
23.Qd1

[Event "2. Bundesliga West 2009/20010"]
[Site "Salzburg"]
[Date "2010.03.13"]
[Round "10"]
[Board "6"]
[White "Stoeckl, Norbert"]
[Black "Steinbacher, Thomas"]
[Result "0-1"]
[WhiteElo "2076"]
[BlackElo "2059"]
[PlyCount "76"]
[EventDate "2009.10.23"]
[EventType "team"]
[EventRounds "11"]
[EventCountry "AUT"]
[WhiteTeam "Sparkasse Schwarzach"]
[BlackTeam "Hypo Kufstein"]

1.e4 e5 2.Nf3 Nc6 3.Bb5 a6 4.Ba4 f5 5.d4 exd4 6.e5 Bc5 7.O-O Nge7 8.Re1 O-O 9.c3
dxc3 10.Nxc3 Kh8 11.h4 Qe8 12.Bf4 b5 13.Bb3 Bb7 14.Qd2 Na5 15.Bd1 Nc4 16.Qc1 Ng6
17.Bh2 Qe7 18.b3 Nb6 19.h5 Nh4 20.Qf4 g5 21.hxg6 Nxg6 22.Qh6 b4 23.Ne2 Bxf3
24.gxf3 Nh4 25.Nf4 Rg8+ 26.Kf1 Bd4 27.Rc1 Bc3 28.Re3 Ng6 29.Nh5 Bd2 30.Rxc7 Nd5
31.Rc2 Bxe3 32.fxe3 f4 33.Rd2 Nxe3+ 34.Ke2 Qxe5 35.Bxf4 Nxf4+ 36.Qxf4 Rg2+
37.Ke1 Nc2+ 38.Kf1 Qxf4

[Event "2. Bundesliga West 2009/20010"]
[Site "Salzburg"]
[Date "2010.03.13"]
[Round "10"]
[Board "1"]
[White "Deglmann, Ludwig"]
[Black "Webersberger, Johann"]
[Result "1/2-1/2"]
[WhiteElo "2329"]
[BlackElo "2367"]
[PlyCount "61"]
[EventDate "2009.10.23"]
[EventType "team"]
[EventRounds "11"]
[EventCountry "AUT"]
[WhiteTeam "Sparkasse Jenbach II"]
[BlackTeam "ATSV Ranshofen"]

1.c4 g6 2.g3 Bg7 3.Bg2 d6 4.Nc3 Nf6 5.d3 O-O 6.Bg5 h6 7.Bd2 c5 8.a3 Nc6 9.Rb1 a5
10.Nh3 e5 11.f4 Bxh3 12.Bxh3 exf4 13.Bxf4 g5 14.Bd2 d5 15.cxd5 Nxd5 16.O-O Nb6
17.Ne4 c4 18.Bc3 Nd5 19.Bxg7 Kxg7 20.Rf2 Ne3 21.Qc1 Qd4 22.Nd6 Qxd6 23.Qxe3 Rae8
24.Qd2 cxd3 25.exd3 Re7 26.Rd1 Qd4 27.Qc3 Rd8 28.Bg2 Ne5 29.Qxd4 Rxd4 30.Re2 f6
31.Re4

[Event "2. Bundesliga West 2009/20010"]
[Site "Salzburg"]
[Date "2010.03.13"]
[Round "10"]
[Board "2"]
[White "Menacher, Manfred"]
[Black "Micheli, Carlo"]
[Result "1/2-1/2"]
[WhiteElo "2274"]
[BlackElo "2293"]
[PlyCount "101"]
[EventDate "2009.10.23"]
[EventType "team"]
[EventRounds "11"]
[EventCountry "AUT"]
[WhiteTeam "ATSV Ranshofen"]
[BlackTeam "Sparkasse Jenbach II"]

1.c4 d6 2.g3 e5 3.Nc3 g6 4.Bg2 Bg7 5.e4 Nc6 6.Nge2 Be6 7.d3 Nf6 8.Nd5 Nd7 9.O-O
O-O 10.Be3 Nd4 11.Bxd4 exd4 12.Ndf4 a5 13.Nxe6 fxe6 14.Nf4 Nc5 15.b3 Qe8 16.a3
g5 17.Nh3 Bh6 18.f3 b5 19.Qc2 a4 20.b4 Nb3 21.Ra2 g4 22.fxg4 Be3+ 23.Kh1 Rxf1+
24.Bxf1 Nd2 25.Bg2 bxc4 26.dxc4 e5 27.Qd3 Nb3 28.Re2 Nc1 29.Qd1 Nxe2 30.Qxe2 Qe6
31.Bf3 Rf8 32.Kg2 Qf7 33.g5 Qxf3+ 34.Qxf3 Rxf3 35.Kxf3 Bc1 36.Nf2 Bxa3 37.Nd3
Bb2 38.b5 a3 39.Nb4 Bc1 40.Ke2 Bxg5 41.Kd3 Kf7 42.Kc2 Kg6 43.Kb3 Bc1 44.Nd3 Bb2
45.Ka2 Kg5 46.h3 h5 47.Kb3 Kf6 48.c5 dxc5 49.Nxc5 Ke7 50.Nd3 Kd6 51.Ka2